000 00274nam a22001217a 4500
008 181009b xxu||||| |||| 00| 0 eng d
041 _aeng
080 _a781
100 _a45
101 _aMUZ
245 _aSouthern Music America Music
_cMalone.b.c
942 _2udc
_cBK
999 _c49212
_d49212